Relie le membre au groupe de Kpop - Part 2 (rapidité) - Statistiques

Statistiques générales
  • Ce quiz a été pris 485 fois
  • Le résultat moyen est 11 sur 20
Statistiques - réponses
Hint Réponse % Correct
Blackpink Jennie
98%
(G)-Idle Minnie
89%
Ateez San
82%
BabyMonster Rami
78%
Kiss of Life Julie
77%
Illit Wonhee
75%
Nmixx Bae
63%
Kard BM
61%
P1Harmony Intak
59%
Kep1er Xiaoting
59%
Treasure Haruto
56%
BoyNextDoor Leehan
49%
NCT Dream Chenle
46%
Izna Mai
46%
Shinee Onew
44%
Monsta X Shownu
42%
Fromis 9 Saerom
37%
Oneus Hwanwoong
33%
NCT Wish Sion
27%
SF9 Taeyang
18%
Aucun quiz correspondant
Distribution des résultats
% des personnes avec chaque résultat
Percentile par nombre de réponses
Votre historique - résultats
Vous n’avez pas pris ce quiz